000 00940pam a2200301 a 4500
999 _c3911
_d3911
001 4274432
003 Nust
005 20170105101615.0
008 841101s1985 dcu b f100 0 eng
010 _a 84600333
020 _a978-1840462548
040 _aDLC
_cDLC
_dDLC
050 0 0 _aPR6029.R8
_bN5335 1985
051 _aZ663.293
_b.G46 1985
_cCopy 3.
082 0 0 _a823.912
_219
_bORW
086 0 _aLC 1.2:Or9
100 _aGeorge Orwell
245 0 0 _aNineteen eighty-four
_cGeorge Orwell
260 _aNew York :
_bPenguin :
_c1985.
300 _aix, 350 p. ;
_c23 cm.
504 _aBibliography: p. 123-150.
600 1 0 _aOrwell, George,
_d1903-1950.
_tNineteen eighty-four
_xCongresses.
650 0 _aDystopias in literature
710 2 _aGertrude Clarke Whittall Poetry and Literature Fund.
740 0 _aGeorge Orwell and Nineteen eighty-four.
906 _a7
_bcbc
_corignew
_d1
_encip
_f19
_gy-gencatlg
942 _2ddc
_cBK